000 00440nam a22001817a 4500
003 MPLRDC
005 20220104143157.0
008 210129b ||||| |||| 00| 0 eng d
020 _a983-71-0133-4
082 _a859.4 WXTH v.6
100 _a不详
245 _a明明的大耳朵
_c
260 _a
_b代理员文摘有限公司
_c
300 _b
490 _a温馨童话故事系列;6
650 _a
942 _cBK
_o859.4 WXTH v.6
999 _c37364
_d37354